000 00426nam a2200145 i 4500
001 60989
003 ES-MaACL
005 20230906164339.0
007 t|
008 031110s1981 sp ||||1| spa d
245 0 0 _aEstudios de derecho mercantil en homenaje al profesor Antonio Polo.
260 _a[Madrid] :
_bRevista de Derecho Privado,
_c[1981]
300 _aXXXI, 1248 p. ;
_c24 cm.
852 _aES-MaACL
_jL-1287
_bR.102288
999 _c60989
_d60989